[Event "Muensterland Verbandsklasse-B 1213"]
[Site "Germany"]
[Date "2013.03.16"]
[Round "7.6"]
[White "Wagner, Nils"]
[Black "Soebbing, Ulrich"]
[Result "0-1"]
[WhiteElo "1607"]
[BlackElo "1523"]
[PlyCount "170"]
[EventDate "2012.09.15"]
[EventType "team-tourn"]
[EventRounds "9"]
[EventCountry "GER"]
[SourceTitle "EXT 2015"]
[Source "ChessBase"]
[SourceDate "2014.11.20"]
[SourceVersion "1"]
[SourceVersionDate "2014.11.20"]
[SourceQuality "1"]
[WhiteTeam "Borken"]
[BlackTeam "Stadtlohn"]
[WhiteTeamCountry "GER"]
[BlackTeamCountry "GER"]

1. Nf3 Nf6 2. c4 c5 3. Nc3 Nc6 4. g3 g6 5. Bg2 Bg7 6. 0-0 0-0 7. d4 cxd4 8. Nxd4 Nxd4 9. Qxd4 d6 10. Qd2 a6 11. b3 Qc7 12. Bb2 Bd7 13. Rac1 Rac8 14. Rc2 Bc6 15. Nd5 Bxd5 16. Bxd5 Nxd5 17. Bxg7 Kxg7 18. Qxd5 Qc6 19. Qd3 Rfd8 20. Rfc1 Qd7 21. e4 f6 22. h4 h6 23. Kf1 Qh3+ 24. Ke2 g5 25. hxg5 hxg5 26. Qf3 Rh8 27. c5 dxc5 28. Rxc5 Rxc5 29. Rxc5 Qd7 30. Rd5 Qc7 31. Qd3 Kf7 32. Rd7 Qc6 33. Qd5+ Qxd5 34. exd5 Rb8 35. d6 Ke6 36. Rxe7+ Kxd6 37. Rf7 Ke6 38. Rh7 b5 39. Ra7 Rb6 40. Ke3 Rd6 41. g4 Rc6 42. Kd4 Kd6 43. Ra8 Ke6 44. f3 Kd6 45. Rf8 Ke6 46. Ra8 Kd6 47. Ke4 Ke6 48. Re8+ Kd7 49. Ra8 Ke6 50. Ra7 Rd6 51. Ra8 Rc6 52. f4 gxf4 53. Kxf4 Rd6 54. Re8+ Kf7 55. Re2 Kg6 56. Rg2 Rd4+ 57. Ke3 Rb4 58. Kf3 Kg5 59. Rd2 Rf4+ 60. Ke3 Kxg4 61. Rd6 a5 62. Rd5 Rf5 63. Rd4+ Kg3 64. Rd8 Rf3+ 65. Kd4 Rf2 66. Kc5 b4 67. Rf8 f5 68. Kb5 f4 69. Rg8+ Kf3 70. Kxa5 Rxa2+ 71. Kxb4 Kf2 72. Kc5 f3 73. b4 Kf1 74. b5 f2 75. b6 Ke1 76. b7 f1Q 77. b8Q Rc2+ 78. Kd4 Rd2+ 79. Ke5 Re2+ 80. Kd4 Qf2+ 81. Kc4 Re4+ 82. Kd5 Qf5+ 83. Kc6 Re6+ 84. Kb7 Qf7+ 85. Qc7 Re7 0-1

[Event "Muensterland Verbandsklasse-B 1213"]
[Site "Germany"]
[Date "2012.11.17"]
[Round "3.6"]
[White "Soebbing, Ulrich"]
[Black "Schroeter, Manfred"]
[Result "1/2-1/2"]
[WhiteElo "1523"]
[BlackElo "1914"]
[PlyCount "60"]
[EventDate "2012.09.15"]
[EventType "team-tourn"]
[EventRounds "9"]
[EventCountry "GER"]
[SourceTitle "EXT 2015"]
[Source "ChessBase"]
[SourceDate "2014.11.20"]
[SourceVersion "1"]
[SourceVersionDate "2014.11.20"]
[SourceQuality "1"]
[WhiteTeam "Stadtlohn"]
[BlackTeam "Saerbeck"]
[WhiteTeamCountry "GER"]
[BlackTeamCountry "GER"]

1. d4 Nf6 2. c4 g6 3. Nc3 Bg7 4. Nf3 d6 5. Bg5 h6 6. Bd2 Bg4 7. e3 0-0 8. Be2 Nc6 9. 0-0 e5 10. dxe5 dxe5 11. h3 Bf5 12. Rc1 Qd7 13. g4 Bd3 14. Bxd3 Qxd3 15. Qe2 Rfd8 16. Qxd3 Rxd3 17. Rfd1 Rad8 18. Be1 Rxd1 19. Rxd1 Rxd1 20. Nxd1 Ne4 21. Nc3 Nxc3 22. Bxc3 f6 23. Kg2 Kf7 24. Nd2 Ke6 25. f4 Bf8 26. Nf3 Bc5 27. fxe5 fxe5 28. e4 Nd4 29. b4 Nxf3 30. Kxf3 Be7 1/2-1/2

[Event "Muensterland Verbandsklasse-A 1011"]
[Site "Germany"]
[Date "2011.01.08"]
[Round "5.8"]
[White "Soebbing, Ulrich"]
[Black "Hagemann, Lars"]
[Result "1/2-1/2"]
[WhiteElo "1499"]
[BlackElo "1683"]
[PlyCount "49"]
[EventDate "2010.09.18"]
[EventType "team-tourn"]
[EventRounds "9"]
[EventCountry "GER"]
[SourceTitle "EXT 2012"]
[Source "ChessBase"]
[SourceDate "2011.11.24"]
[SourceVersion "1"]
[SourceVersionDate "2011.11.24"]
[SourceQuality "1"]
[WhiteTeam "Stadtlohn"]
[BlackTeam "Nienberge II"]
[WhiteTeamCountry "GER"]
[BlackTeamCountry "GER"]

1. d4 Nf6 2. c4 g6 3. Nc3 d5 4. Bg5 c6 5. Bxf6 exf6 6. e3 Bg7 7. cxd5 cxd5 8. Bb5+ Nc6 9. Nf3 0-0 10. 0-0 f5 11. Rc1 Qd6 12. g3 Bd7 13. Qb3 a6 14. Be2 Be6 15. Ng5 b5 16. Bf3 Na5 17. Qd1 Nc4 18. b3 Nb6 19. Nxe6 fxe6 20. Ne2 Rac8 21. Qd2 Rxc1 22. Rxc1 Rc8 23. Rxc8+ Nxc8 24. Qc1 Ne7 25. Nf4 1/2-1/2